[Event "Oberliga Nord O 1314"]
[Site "Germany"]
[Date "2014.03.16"]
[Round "8.6"]
[White "Neumann, Pierre"]
[Black "Jahnz, Fabian"]
[Result "0-1"]
[WhiteElo "1925"]
[BlackElo "2226"]
[PlyCount "48"]
[EventDate "2013.10.13"]
[EventType "team-tourn"]
[EventRounds "9"]
[EventCountry "GER"]
[SourceTitle "EXT 2015"]
[Source "ChessBase"]
[SourceDate "2014.11.20"]
[SourceVersion "1"]
[SourceVersionDate "2014.11.20"]
[SourceQuality "1"]
[WhiteTeam "Neuruppin"]
[BlackTeam "Koenig Tegel II"]
[WhiteTeamCountry "GER"]
[BlackTeamCountry "GER"]

1. d4 d5 2. Nf3 Nf6 3. e3 e6 4. Bd3 c5 5. c3 Nc6 6. Nbd2 Bd6 7. 0-0 0-0 8. a3 Qc7 9. h3 e5 10. dxe5 Nxe5 11. Nxe5 Bxe5 12. f4 Bd6 13. Nf3 Re8 14. Re1 b6 15. c4 dxc4 16. Bxc4 Bb7 17. Ng5 Re7 18. Bd2 h6 19. Nf3 Rd8 20. Nh2 Ne4 21. Nf1 Qc6 22. Qf3 Nxd2 23. Qxc6 Bxc6 24. Nxd2 Bxf4 0-1